Real or Fake: Harry Potter Spells Quiz Stats

 Plays Quiz Updated Nov 8, 2014

Challenge
Share
Tweet
Embed
Score 0/20 Timer 03:00
0 Plays Today
Spell Real(R) or Fake(F) % Correct
Crucio???
93.5%
Alohomora???
92.9%
Reparo???
92.5%
Incendio???
92.1%
Bloodendio???
92%
Darkenio???
91.5%
Sectumsempra???
90.2%
Protego???
89.1%
Aguamenti???
88.6%
Abra Kedabra???
86.5%
Spell Real(R) or Fake(F) % Correct
Impostrious???
86%
Releasius???
85.9%
Trippendo???
84.9%
Domegio???
84%
Confumento???
81.1%
Levitatious???
80.1%
Muffliato???
77.4%
Episkey???
74.8%
Enlargio???
70.3%
Avis???
58.6%

You're not logged in!

Compare scores with friends on all Sporcle quizzes.
Join for Free
OR
Log In

You Might Also Like...

Show Comments

Extras

Top Quizzes Today


Score Distribution

Your Account Isn't Verified!

In order to create a playlist on Sporcle, you need to verify the email address you used during registration. Go to your Sporcle Settings to finish the process.

Report this User

Report this user for behavior that violates our Community Guidelines.

Details: